[Event "Int. Stuttgarter Stadtmeisterschaft B"]
[Site "Ditzingen"]
[Date "2013.05.09"]
[Round "2.10"]
[White "Bälz, Jürgen"]
[Black "Awiszus, Thomas"]
[Result "1-0"]
[WhiteElo "1833"]
[BlackElo "1613"]
[PlyCount "31"]
[EventDate "2013.??.??"]
[WhiteTeam "TSV Willsbach"]
[BlackTeam "SK Schmiden/Cannstatt"]

1. d4 Nf6 2. c4 e6 3. g3 c6 4. Bg2 d5 5. Nf3 Be7 6. O-O O-O 7. b3 Nbd7 8. Bb2
Ne4 9. Nfd2 f5 10. f3 Nd6 11. Nc3 Bf6 12. e3 c5 13. dxc5 Nxc5 14. cxd5 exd5 15.
Qc2 Qb6 16. Nxd5 1-0

[Event "Int. Stuttgarter Stadtmeisterschaft B"]
[Site "Ditzingen"]
[Date "2013.05.09"]
[Round "2.11"]
[White "Gampper, Steffen"]
[Black "Pudmensky, Stefan"]
[Result "1/2-1/2"]
[WhiteElo "1700"]
[BlackElo "1829"]
[PlyCount "33"]
[EventDate "2013.??.??"]
[WhiteTeam "SC Murrhardt 1948 e.V."]
[BlackTeam "SF Oeffingen e.V."]

1. e4 c5 2. Nf3 d6 3. d4 cxd4 4. Nxd4 Nf6 5. Nc3 a6 6. Be3 e5 7. Nb3 Be6 8. f4
Ng4 9. Qf3 Nxe3 10. Qxe3 Qh4+ 11. g3 exf4 12. Qxf4 Qxf4 13. gxf4 Be7 14. O-O-O
Nd7 15. h4 Nf6 16. Nd4 Bd7 17. Bh3 1/2-1/2

[Event "Int. Stuttgarter Stadtmeisterschaft B"]
[Site "Ditzingen"]
[Date "2013.05.09"]
[Round "2.12"]
[White "Rieder, Josef"]
[Black "Zeitler, Waldemar"]
[Result "1-0"]
[WhiteElo "1818"]
[BlackElo "1523"]
[PlyCount "113"]
[EventDate "2013.??.??"]
[WhiteTeam "Stuttgarter SF 1879"]
[BlackTeam "SC Gross-Sachsenheim"]

1. e4 e5 2. Nf3 Nc6 3. Bb5 Bd6 4. Nc3 Nf6 5. d4 exd4 6. Nxd4 O-O 7. Bg5 h6 8.
Bh4 g5 9. Bg3 Bxg3 10. hxg3 Nxd4 11. Qxd4 Kg7 12. O-O-O c5 13. Qxc5 Qb6 14.
Qxb6 axb6 15. a4 Re8 16. f3 Re7 17. b3 Re5 18. Rd6 Re6 19. Rhd1 Ne8 20. Rxe6
fxe6 21. Bxd7 Nf6 22. Bb5 Nh5 23. Ne2 Nf6 24. Rd8 Kf7 25. Nd4 Ke7 26. Rh8 Kd6
27. Rxh6 Ng8 28. Rg6 Ne7 29. Rxg5 e5 30. Ne2 Be6 31. c4 Rh8 32. f4 exf4 33.
gxf4 Rg8 34. Rxg8 Bxg8 35. Kd2 Nc6 36. Kc3 Bf7 37. Nd4 Ne7 38. e5+ Kc7 39. b4
Bh5 40. Ne6+ Kc8 41. Ng7 Bg4 42. Kd4 Kd8 43. c5 bxc5+ 44. Kxc5 Nc8 45. a5 Ke7
46. Bc4 Kd7 47. Bb5+ Ke7 48. Ne8 Ke6 49. g3 Bf3 50. Bd3 Ne7 51. Nd6 Kd7 52. Be4
Bxe4 53. Nxe4 Nf5 54. Kb6 Ke6 55. Kxb7 Kd5 56. Nf6+ Kc4 57. a6 1-0

[Event "Int. Stuttgarter Stadtmeisterschaft B"]
[Site "Ditzingen"]
[Date "2013.05.09"]
[Round "2.13"]
[White "Gheng, Hannelore"]
[Black "Rühl, Volker"]
[Result "0-1"]
[WhiteElo "1691"]
[BlackElo "1817"]
[PlyCount "49"]
[EventDate "2013.??.??"]
[WhiteTeam "SF Deizisau"]
[BlackTeam "VfL Sindelfingen"]

1. e4 c5 2. Nf3 g6 3. d4 cxd4 4. Nxd4 Bg7 5. Bc4 Nc6 6. Nxc6 bxc6 7. O-O d6 8.
Nc3 Bd7 9. f4 Qc7 10. Qf3 e6 11. f5 gxf5 12. exf5 d5 13. fxe6 Bxe6 14. Nxd5
cxd5 15. Bxd5 Qc5+ 16. Be3 Qxd5 17. Qg3 Be5 18. Bf4 Bd4+ 19. Kh1 Nf6 20. c4 Qc6
21. Rad1 Rg8 22. Bg5 Ne4 23. Qa3 Bc5 24. Qa5 Rxg5 25. Rd3 0-1

[Event "Int. Stuttgarter Stadtmeisterschaft B"]
[Site "Ditzingen"]
[Date "2013.05.09"]
[Round "2.14"]
[White "Michna, Marcus"]
[Black "Eylandt, Guenter"]
[Result "0-1"]
[WhiteElo "1789"]
[BlackElo "1504"]
[Annotator "Microsoft"]
[PlyCount "115"]
[EventDate "2013.??.??"]
[WhiteTeam "TSF Ditzingen"]
[BlackTeam "SV Rottweil"]

1. d4 Nf6 2. c4 e6 3. Nc3 d6 4. Nf3 Be7 5. Bg5 Nbd7 6. e3 a6 7. Bd3 b6 8. h3
Bb7 9. O-O c6 10. Re1 Qc7 11. e4 e5 12. d5 c5 13. Qd2 Bc8 14. Be3 Nf8 15. Kh2
h6 16. Kg1 N8h7 17. Ne2 g5 18. g4 h5 19. Nxg5 hxg4 20. f4 gxh3 21. Nf3 Rg8+ 22.
Kh1 Ng4 23. f5 Nhf6 24. Rg1 Qd8 25. Rg3 Rh8 26. Ng5 h2 27. Rh3 Nh5 28. Nf3 Kd7
29. Nxh2 Nxe3 30. Qxe3 Bg5 31. Qf3 Nf4 32. Rxh8 Qxh8 33. Rg1 f6 34. Nxf4 exf4
35. Rg2 Bb7 36. Kg1 Qh4 37. Qf2 Qh8 38. Nf3 Rg8 39. Kf1 Qh3 40. Ke2 Rg7 41. Qg1
Qh5 42. Qh2 Qf7 43. Qg1 Qg8 44. Qh1 Bc8 45. Rh2 Qf7 46. Kd2 Kc7 47. Rh8 Qe7 48.
Qh5 Bd7 49. Kc2 b5 50. b3 bxc4 51. bxc4 Ba4+ 52. Kc1 Kb7 53. Qh2 Ka7 54. Qb2
Qb7 55. Qxb7+ Kxb7 56. Rh2 Ka7 57. Bc2 Be8 58. Rh8 {nach weiteren Zügen} 0-1

[Event "Int. Stuttgarter Stadtmeisterschaft B"]
[Site "Ditzingen"]
[Date "2013.05.09"]
[Round "2.15"]
[White "Tölg, Wolfgang"]
[Black "Sampalla, Simon"]
[Result "1-0"]
[WhiteElo "1782"]
[BlackElo "1473"]
[PlyCount "71"]
[EventDate "2013.??.??"]
[WhiteTeam "SF Oeffingen e.V."]
[BlackTeam "SC Gross-Sachsenheim"]

1. e4 e6 2. d4 d5 3. exd5 exd5 4. Nf3 Bd6 5. Nc3 Ne7 6. Bd3 Nbc6 7. O-O Be6 8.
Bg5 f6 9. Be3 Qd7 10. a3 O-O-O 11. b4 g5 12. b5 Na5 13. a4 h5 14. Qd2 b6 15.
Kh1 h4 16. Ng1 g4 17. Bf4 Rdg8 18. Nce2 Nf5 19. Rad1 g3 20. fxg3 Nxg3+ 21. Nxg3
hxg3 22. Nf3 Rxh2+ 23. Nxh2 Rh8 24. Bh6 gxh2 25. Rxf6 Be7 26. Rg6 Bf7 27. Rg7
Bf8 28. Rh7 Rxh7 29. Bxh7 Nc4 30. Qg5 Be7 31. Qf4 Bd6 32. Qf6 Qe8 33. Bd3 Nb2
34. Rf1 Bg8 35. Bf4 Be7 36. Qe5 1-0

[Event "Int. Stuttgarter Stadtmeisterschaft B"]
[Site "Ditzingen"]
[Date "2013.05.09"]
[Round "2.16"]
[White "Hartmann, Anatoli"]
[Black "Schreiber, Stephan"]
[Result "0-1"]
[WhiteElo "1684"]
[BlackElo "1779"]
[PlyCount "158"]
[EventDate "2013.??.??"]
[WhiteTeam "SC Gross-Sachsenheim"]
[BlackTeam "SC Schachmatt Botnang"]

1. d4 e5 2. dxe5 Nc6 3. Nf3 Qe7 4. Nc3 Nxe5 5. Bf4 Nxf3+ 6. gxf3 c6 7. a3 d5 8.
Qd4 Bf5 9. O-O-O f6 10. e4 dxe4 11. fxe4 Be6 12. f3 Qc5 13. Be3 Qxd4 14. Bxd4
Bd6 15. Kb1 Bc7 16. Bg2 Ne7 17. Bc5 b6 18. Bxe7 Kxe7 19. Ne2 c5 20. b3 Rad8 21.
h3 f5 22. c4 fxe4 23. fxe4 Be5 24. Kc2 Rxd1 25. Rxd1 Rf8 26. Rf1 Rxf1 27. Bxf1
Kf6 28. Kd3 Kg5 29. a4 Kh4 30. Ke3 Bxh3 31. Bxh3 Kxh3 32. Kf3 Kh4 33. Nc1 Kg5
34. Nd3 Kf6 35. b4 Bd4 36. bxc5 Bxc5 37. Kf4 a5 38. e5+ Ke6 39. Ke4 g5 40. Ne1
h6 41. Nf3 Bf2 42. Nd2 Be1 43. Nb3 Bf2 44. Nd2 Bc5 45. Nf3 g4 46. Nh4 g3 47.
Ng6 Bf2 48. Nf4+ Kd7 49. e6+ Kd6 50. Kf5 Be3 51. Ng2 Bd4 52. Nf4 h5 53. Ng2 Ke7
54. Nf4 h4 55. Ng6+ Kd6 56. Nxh4 Bg7 57. Ng2 Bf8 58. Kf6 Be7+ 59. Kf7 Bg5 60.
Kg6 Bd8 61. Kf7 Kc5 62. Ne3 Kb4 63. e7 Bxe7 64. Kxe7 Kxa4 65. Kd6 Kb3 66. Kc6
a4 67. Kxb6 a3 68. c5 a2 69. c6 a1=Q 70. c7 Qd4+ 71. Kb7 Qb4+ 72. Ka8 Qa5+ 73.
Kb8 Qb6+ 74. Kc8 Ka4 75. Kd8 Qd6+ 76. Kc8 Kb5 77. Kb8 Qb6+ 78. Kc8 Kc6 79. Nd5
Kxd5 0-1

[Event "Int. Stuttgarter Stadtmeisterschaft B"]
[Site "Ditzingen"]
[Date "2013.05.09"]
[Round "2.17"]
[White "Pillath, Marcus"]
[Black "Zerweck, Christoph"]
[Result "0-1"]
[WhiteElo "1654"]
[BlackElo "1774"]
[PlyCount "64"]
[EventDate "2013.??.??"]
[WhiteTeam "SGem Vaihingen-Rohr"]
[BlackTeam "SV Herrenberg e.V."]

1. Nf3 d6 2. d4 Nf6 3. Bf4 g6 4. e3 Bg7 5. Be2 Nh5 6. Bg5 Nf6 7. Bf4 Nbd7 8. h3
O-O 9. O-O Re8 10. c3 b6 11. Nbd2 Bb7 12. a3 e5 13. dxe5 dxe5 14. Bg3 Qe7 15.
Qc2 Rad8 16. Rfd1 a6 17. Rac1 c5 18. Nc4 Be4 19. Qb3 Nh5 20. Nd6 Nxg3 21. fxg3
Bxf3 22. Bxf3 Rf8 23. g4 Bh6 24. Re1 Qxd6 25. Rcd1 Qc7 26. c4 Nf6 27. Rxd8 Rxd8
28. Kh1 e4 29. Bd1 Rd3 30. Qc2 Qg3 31. Re2 Rxe3 32. Rxe3 Qxe3 0-1

[Event "Int. Stuttgarter Stadtmeisterschaft B"]
[Site "Ditzingen"]
[Date "2013.05.09"]
[Round "2.18"]
[White "Vasiliadis, Paraskevas"]
[Black "Muench, Werner"]
[Result "0-1"]
[WhiteElo "1656"]
[BlackElo "1841"]
[PlyCount "92"]
[EventDate "2013.??.??"]
[WhiteTeam "SF Oeffingen e.V."]
[BlackTeam "SC Widdern"]

1. Nf3 d5 2. g3 Nf6 3. Bg2 c5 4. O-O Nc6 5. d3 e5 6. Nbd2 Bd6 7. e4 Be6 8. Re1
d4 9. c3 O-O 10. cxd4 cxd4 11. Nb3 Qc7 12. Bg5 Nd7 13. Rc1 f6 14. Bd2 Qb6 15.
Nh4 Nb4 16. Bxb4 Bxb4 17. Re2 Rfc8 18. Rec2 Rc6 19. Nf5 Rac8 20. Rxc6 Rxc6 21.
Rxc6 Qxc6 22. Nbxd4 exd4 23. Nxd4 Qd6 24. Nxe6 Qxe6 25. Qa4 a5 26. Qb5 Qc6 27.
Qxc6 bxc6 28. Kf1 Kf7 29. Ke2 Bd6 30. d4 c5 31. dxc5 Bxc5 32. f4 Bd4 33. b3 Nc5
34. Kd2 Ke6 35. g4 g5 36. fxg5 fxg5 37. Kc2 Ke5 38. a3 Nxe4 39. b4 axb4 40.
axb4 Nf2 41. Bf3 Kf4 42. Be2 Nxg4 43. Kd3 Bb6 44. Bxg4 Kxg4 45. Ke4 h5 46. b5
h4 0-1

[Event "Int. Stuttgarter Stadtmeisterschaft B"]
[Site "Ditzingen"]
[Date "2013.05.09"]
[Round "2.20"]
[White "Reichardt, Bernd"]
[Black "Tönjes, Jürgen"]
[Result "1-0"]
[WhiteElo "1814"]
[BlackElo "1689"]
[PlyCount "39"]
[EventDate "2013.??.??"]
[WhiteTeam "SF Markgräflerland e."]
[BlackTeam "SF Lilienthal von 1971"]

1. Nf3 d6 2. d4 Bg4 3. Qd3 c6 4. e4 Nf6 5. c4 Nbd7 6. Nfd2 e5 7. f3 Bh5 8. d5
Qc7 9. b4 a5 10. Ba3 axb4 11. Bxb4 cxd5 12. cxd5 Qc1+ 13. Kf2 Nc5 14. Qc3 Qxc3
15. Bb5+ Nfd7 16. Nxc3 Be7 17. Bxc5 dxc5 18. Nc4 Bd8 19. Nd6+ Ke7 20. Nf5+ 1-0

[Event "Int. Stuttgarter Stadtmeisterschaft B"]
[Site "Ditzingen"]
[Date "2013.05.09"]
[Round "2.21"]
[White "Ziegler, Michael"]
[Black "Klemens, Peter"]
[Result "1-0"]
[WhiteElo "1658"]
[BlackElo "1811"]
[PlyCount "85"]
[EventDate "2013.??.??"]
[WhiteTeam "SF 59 Kornwestheim"]
[BlackTeam "Karlsruher SF 1853"]

1. e4 c6 2. Nf3 d5 3. exd5 cxd5 4. d4 Nf6 5. Nc3 a6 6. a4 Bg4 7. Be2 e6 8. O-O
Be7 9. Ne5 Bxe2 10. Qxe2 Nbd7 11. Bf4 Nxe5 12. dxe5 Nd7 13. Qg4 g6 14. Rfe1 h5
15. Qe2 Bg5 16. Bxg5 Qxg5 17. Nxd5 O-O 18. Nc3 Rac8 19. Rad1 Nb8 20. Qe3 Qxe3
21. Rxe3 Rc5 22. f4 b5 23. Rd2 b4 24. Ne4 Rc7 25. g3 a5 26. Nd6 Nc6 27. Nb5
Rcc8 28. Kf2 Ne7 29. Nd6 Rc7 30. Re4 Nd5 31. Rc4 Rxc4 32. Nxc4 Ra8 33. Kf3 Kg7
34. Ke4 Rd8 35. Nd6 Rd7 36. Kd4 Kf8 37. c4 bxc3 38. bxc3 Rc7 39. c4 Nb4 40. c5
Ke7 41. Kc4 f6 42. exf6+ Kf8 43. Nb5 1-0

[Event "Int. Stuttgarter Stadtmeisterschaft B"]
[Site "Ditzingen"]
[Date "2013.05.09"]
[Round "2.22"]
[White "Gorb, Eugeniusz"]
[Black "Strauss, Martin"]
[Result "1-0"]
[WhiteElo "1630"]
[BlackElo "1792"]
[PlyCount "49"]
[EventDate "2013.??.??"]
[WhiteTeam "SC Gross-Sachsenheim"]
[BlackTeam "SC Sillenbuch"]

1. e4 e5 2. Nf3 Nc6 3. d4 exd4 4. Nxd4 Bc5 5. Nxc6 bxc6 6. Bc4 d6 7. O-O Nf6 8.
Bg5 h6 9. Bh4 O-O 10. Nd2 Re8 11. Re1 Bb6 12. h3 g5 13. Bg3 Qe7 14. e5 dxe5 15.
Rxe5 Qd8 16. Qf3 Rxe5 17. Bxe5 Bd4 18. Bxd4 Qxd4 19. Qxc6 Rb8 20. Qxc7 Qf4 21.
Qxf7+ Kh8 22. Re1 Bd7 23. Re7 Rg8 24. Rxd7 g4 25. Bd3 1-0

[Event "Int. Stuttgarter Stadtmeisterschaft B"]
[Site "Ditzingen"]
[Date "2013.05.09"]
[Round "2.23"]
[White "Kobald, Matthias"]
[Black "Bischof, Jan"]
[Result "0-1"]
[WhiteElo "1774"]
[BlackElo "1574"]
[PlyCount "46"]
[EventDate "2013.??.??"]
[WhiteTeam "SV Stuttgart-Wolfbusch 1956 e.V."]
[BlackTeam "SGem Vaihingen-Rohr"]

1. e4 d5 2. exd5 Nf6 3. Nf3 Bg4 4. Be2 Qxd5 5. O-O Nc6 6. Nc3 Qd7 7. d4 O-O-O
8. Be3 Bxf3 9. Bxf3 Nxd4 10. Bxd4 Qxd4 11. Bxb7+ Kxb7 12. Qf3+ c6 13. Rad1 Qb6
14. Na4 Rxd1 15. Rxd1 Qb4 16. b3 e6 17. c3 Qa5 18. Rd3 Be7 19. h3 Rd8 20. Re3
Qd5 21. Qg3 Qd1+ 22. Kh2 Bd6 23. f4 Nh5 0-1

[Event "Int. Stuttgarter Stadtmeisterschaft B"]
[Site "Ditzingen"]
[Date "2013.05.09"]
[Round "2.24"]
[White "Hornung, Richard"]
[Black "Gottwald, Helmut"]
[Result "1/2-1/2"]
[WhiteElo "1767"]
[BlackElo "1582"]
[PlyCount "32"]
[EventDate "2013.??.??"]
[WhiteTeam "SG Schwabing München Nord e.V."]
[BlackTeam "SV Dicker Turm Esslingen"]

1. Nf3 Nf6 2. d4 e6 3. e3 d5 4. Be2 c5 5. O-O cxd4 6. exd4 Bd6 7. c4 dxc4 8.
Bxc4 Qc7 9. Bb5+ Bd7 10. Nc3 a6 11. Bxd7+ Nbxd7 12. Re1 O-O 13. Bg5 Rac8 14.
Bxf6 Nxf6 15. Ne5 Bb4 16. Re3 Qa5 1/2-1/2

[Event "Int. Stuttgarter Stadtmeisterschaft B"]
[Site "Ditzingen"]
[Date "2013.05.09"]
[Round "2.25"]
[White "Steinmassl, Guido"]
[Black "Hamm, Julian"]
[Result "1/2-1/2"]
[WhiteElo "1599"]
[BlackElo "1750"]
[PlyCount "78"]
[EventDate "2013.??.??"]
[WhiteTeam "SK e4 Gerlingen"]
[BlackTeam "Mönchfelder SV 1967"]

1. d4 Nf6 2. c4 e5 3. dxe5 Ng4 4. Nf3 Nc6 5. e3 Ngxe5 6. Nxe5 Nxe5 7. Nc3 Be7
8. Be2 O-O 9. O-O d6 10. e4 c6 11. Be3 Qc7 12. f4 Nd7 13. Bg4 Nb6 14. b3 Bf6
15. Rc1 Re8 16. Bxc8 Raxc8 17. Bd4 Nd7 18. Kh1 a6 19. Qd3 Rcd8 20. Rce1 Nc5 21.
Qe3 Nd7 22. Re2 Bxd4 23. Qxd4 f6 24. g4 Kh8 25. Rg2 Re7 26. g5 fxg5 27. Rxg5
Nf6 28. Rfg1 Ne8 29. Rf5 Rf7 30. Rxf7 Qxf7 31. e5 Rd7 32. Ne4 dxe5 33. Qxe5 Re7
34. Ng5 Qf6 35. Qb8 h6 36. Nf3 Kh7 37. Qd8 Qxf4 38. Qxe7 Qxf3+ 39. Rg2 Qf1+
1/2-1/2

[Event "Int. Stuttgarter Stadtmeisterschaft B"]
[Site "Ditzingen"]
[Date "2013.05.09"]
[Round "2.26"]
[White "Wübbens, Carsten"]
[Black "Munk, Werner"]
[Result "0-1"]
[WhiteElo "1516"]
[BlackElo "1732"]
[PlyCount "42"]
[EventDate "2013.??.??"]
[WhiteTeam "SF Freiberg"]
[BlackTeam "TSV Heumaden"]

1. d4 Nf6 2. c4 g6 3. Nc3 Bg7 4. e4 d6 5. Be2 O-O 6. h3 e5 7. Nf3 Nc6 8. d5 Ne7
9. Be3 Nd7 10. O-O f5 11. exf5 gxf5 12. g3 Ng6 13. Qc2 Nf6 14. Ng5 Qe7 15. Kh2
Ne8 16. h4 h6 17. Nf3 Qf7 18. h5 Ne7 19. Nh4 f4 20. gxf4 exf4 21. Bd3 Qxh5 0-1

[Event "Int. Stuttgarter Stadtmeisterschaft B"]
[Site "Ditzingen"]
[Date "2013.05.09"]
[Round "2.27"]
[White "Kappus, Holger"]
[Black "Meissner, Michael"]
[Result "0-1"]
[WhiteElo "1459"]
[BlackElo "1885"]
[PlyCount "46"]
[EventDate "2013.??.??"]
[WhiteTeam "SC Pforzheim 1906"]

1. e4 c5 2. c3 Nf6 3. e5 Nd5 4. Nf3 e6 5. Bd3 Nc6 6. Bc2 d6 7. d4 cxd4 8. cxd4
Qc7 9. exd6 Bxd6 10. O-O O-O 11. Bxh7+ Kxh7 12. Ng5+ Kg8 13. h4 f6 14. Ne4 Bf4
15. Nbc3 Nxc3 16. Bxf4 Qxf4 17. Nxc3 Qxh4 18. d5 Rd8 19. Qb3 Nd4 20. Qa3 Rxd5
21. Rfe1 Rh5 22. f3 Nxf3+ 23. gxf3 Qg3+ 0-1

[Event "Int. Stuttgarter Stadtmeisterschaft B"]
[Site "Ditzingen"]
[Date "2013.05.09"]
[Round "2.28"]
[White "Gheng, Dominik"]
[Black "Pocrnic, Josip"]
[Result "0-1"]
[WhiteElo "1635"]
[BlackElo "1865"]
[PlyCount "79"]
[EventDate "2013.??.??"]
[WhiteTeam "TSV Schönaich"]
[BlackTeam "SF 1954 Conweiler e.V."]

1. e4 e6 2. d4 d5 3. Nd2 Nf6 4. e5 Nfd7 5. f4 c5 6. c3 Nc6 7. Ndf3 Qb6 8. Ne2
cxd4 9. cxd4 Be7 10. g3 O-O 11. Bh3 Qa5+ 12. Bd2 Bb4 13. O-O Qb6 14. Ng5 Nxd4
15. Be3 Nxe2+ 16. Qxe2 Bc5 17. Bxc5 Nxc5 18. Kh1 Bd7 19. Rfc1 h6 20. Nf3 Ne4
21. Rc2 Rac8 22. Rac1 Rxc2 23. Rxc2 Bb5 24. Qe1 Bd3 25. Rg2 Rc8 26. f5 exf5 27.
Bxf5 Nf2+ 28. Rxf2 Bxf5 29. h4 Be4 30. Kh2 Rc1 31. Qe2 Rc2 32. Nd2 Rxb2 33. Qf1
Bg6 34. g4 Qe3 35. Qe2 Qxe2 36. Rxe2 Rxa2 37. Kg3 Kf8 38. e6 fxe6 39. Rxe6 Bf7
40. Re2 0-1

[Event "Int. Stuttgarter Stadtmeisterschaft B"]
[Site "Ditzingen"]
[Date "2013.05.09"]
[Round "2.29"]
[White "Zeldin, Boris"]
[Black "Ellinger, Harald"]
[Result "0-1"]
[WhiteElo "1633"]
[BlackElo "1854"]
[PlyCount "124"]
[EventDate "2013.??.??"]
[WhiteTeam "SV Rottweil"]
[BlackTeam "SK e4 Gerlingen"]

1. d4 d5 2. Nf3 Nf6 3. Nc3 e6 4. e3 c6 5. Bd3 Bd6 6. O-O Nbd7 7. e4 dxe4 8.
Bxe4 h6 9. Re1 Nxe4 10. Nxe4 Be7 11. b3 Nf6 12. Bb2 O-O 13. Ne5 Qc7 14. Nxf6+
Bxf6 15. Ng4 Bg5 16. Qd3 f5 17. Ne5 Bf6 18. Qc4 Bxe5 19. dxe5 b5 20. Qh4 Qd8
21. Qf4 Qe7 22. Rad1 Bb7 23. Rd6 Rfd8 24. Ba3 a5 25. Bc5 Rxd6 26. Bxd6 Qf7 27.
Qd4 Ra6 28. Rd1 c5 29. Qe3 Qg6 30. f3 c4 31. Qe2 Bd5 32. Kf2 a4 33. b4 Qg5 34.
g3 Qh5 35. h4 g5 36. f4 Qxe2+ 37. Kxe2 g4 38. Ke3 Rc6 39. a3 Be4 40. Rd2 Bd5
41. c3 h5 42. Rxd5 exd5 43. Kd4 Kf7 44. Kxd5 Rc8 45. e6+ Ke8 46. e7 Kd7 47. Bc5
Rc7 48. Ke5 Rxc5+ 49. bxc5 Kxe7 50. Kd4 Kd7 51. Ke3 Kc7 52. Kd4 Kc6 53. Ke5 b4
54. cxb4 c3 55. Kxf5 c2 56. Kg5 c1=Q 57. Kxh5 Qd1 58. f5 Qf3 59. Kg6 Qxg3 60.
h5 Qe3 61. f6 Qe8+ 62. f7 Qf8 0-1

[Event "Int. Stuttgarter Stadtmeisterschaft B"]
[Site "Ditzingen"]
[Date "2013.05.09"]
[Round "2.30"]
[White "Fürderer, Carl"]
[Black "Shahisavandi, Abdollah"]
[Result "0-1"]
[WhiteElo "1586"]
[BlackElo "1833"]
[PlyCount "52"]
[EventDate "2013.??.??"]
[WhiteTeam "SC Weisse Dame Ulm e.V."]
[BlackTeam "Karlsruher SF 1853"]

1. e4 e5 2. Nf3 Nc6 3. Bc4 Be7 4. d3 d6 5. Nc3 Nf6 6. O-O Na5 7. b3 Nxc4 8.
bxc4 Bg4 9. Nd5 Nxd5 10. cxd5 O-O 11. Rb1 Qc8 12. Be3 f5 13. Rb3 fxe4 14. dxe4
b6 15. Bd2 Qe8 16. Qa1 Qh5 17. Qc3 Qg6 18. Qxc7 Bxf3 19. Rxf3 Rxf3 20. Qxe7 Rf7
21. Qg5 Qxe4 22. Rc1 Qxd5 23. c4 Qe4 24. Bb4 Rc8 25. Bxd6 Qd4 26. Qxe5 Qxf2+
0-1

[Event "Int. Stuttgarter Stadtmeisterschaft B"]
[Site "Ditzingen"]
[Date "2013.05.09"]
[Round "2.31"]
[White "Zimmermann, Tobias"]
[Black "Helmbrecht, Kurt"]
[Result "1/2-1/2"]
[WhiteElo "1734"]
[BlackElo "1657"]
[PlyCount "64"]
[EventDate "2013.??.??"]
[WhiteTeam "SC Schachmatt Botnang"]
[BlackTeam "SV Fellbach"]

1. e4 e6 2. d4 d5 3. Nd2 c5 4. Ngf3 Nc6 5. exd5 exd5 6. Bb5 Bd7 7. Qe2+ Be7 8.
dxc5 Nf6 9. O-O O-O 10. Nb3 Re8 11. Be3 a6 12. Bxc6 Bxc6 13. Nfd4 Ne4 14. Nf5
Bf6 15. Nbd4 Nxc5 16. c3 Ne6 17. Qg4 Bd7 18. Nh6+ Kf8 19. Nxe6+ Rxe6 20. Nf5
Re5 21. Bc5+ Kg8 22. Nh6+ Kh8 23. Nxf7+ Kg8 24. Nxd8 Bxg4 25. Nxb7 Re2 26. Bd4
Bxd4 27. cxd4 Rxb2 28. Nc5 Be2 29. Rfe1 Bc4 30. a4 Rab8 31. h3 Rd2 32. Re7 Rbb2
1/2-1/2

[Event "Int. Stuttgarter Stadtmeisterschaft B"]
[Site "Ditzingen"]
[Date "2013.05.09"]
[Round "2.32"]
[White "Notz, Lukas"]
[Black "Trobonjaca, Milos"]
[Result "1-0"]
[WhiteElo "1757"]
[BlackElo "1653"]
[PlyCount "83"]
[EventDate "2013.??.??"]
[WhiteTeam "SV Dettingen Erms"]
[BlackTeam "SF Oeffingen e.V."]

1. d4 d5 2. Bf4 Bf5 3. e3 e6 4. c4 Bb4+ 5. Nc3 c6 6. Qb3 Qa5 7. Nf3 Nf6 8. Be2
Ne4 9. Rc1 Nd7 10. O-O O-O 11. Nxe4 Bxe4 12. a3 Bd2 13. Rcd1 Bxf3 14. Bxf3 Nb6
15. c5 Nc4 16. Qxb7 Rfe8 17. Bc7 Qb5 18. Qxb5 cxb5 19. b3 Nxe3 20. fxe3 Bxe3+
21. Kh1 Rac8 22. Bd6 Rc6 23. Be2 a6 24. Rf3 Bg5 25. b4 Rd8 26. Rdf1 f6 27. g3
f5 28. Be5 Rf8 29. a4 bxa4 30. b5 axb5 31. Bxb5 Rcc8 32. Bd7 Ra8 33. Bxe6+ Kh8
34. Bxd5 a3 35. Bxa8 Rxa8 36. Rxf5 h6 37. Rf8+ Rxf8 38. Rxf8+ Kh7 39. Rf7 Kg6
40. Rxg7+ Kf5 41. Ra7 Bc1 42. c6 1-0

[Event "Int. Stuttgarter Stadtmeisterschaft B"]
[Site "Ditzingen"]
[Date "2013.05.09"]
[Round "2.33"]
[White "Zaytsev, Evgeny"]
[Black "Nagel, Armin"]
[Result "1/2-1/2"]
[WhiteElo "1733"]
[BlackElo "1600"]
[PlyCount "52"]
[EventDate "2013.??.??"]
[WhiteTeam "Stuttgarter SF 1879"]
[BlackTeam "SC BW Kirchentellinsfurt"]

1. e4 d5 2. exd5 Nf6 3. d4 Nxd5 4. c4 Nb6 5. Nc3 g6 6. Nf3 Bg4 7. c5 Nd5 8. Bc4
c6 9. O-O Bg7 10. Re1 Nxc3 11. bxc3 O-O 12. h3 Bxf3 13. Qxf3 e6 14. Bf4 Nd7 15.
Rab1 Qc8 16. Re2 a6 17. Bd6 Re8 18. Reb2 Ra7 19. Qf4 Bf8 20. Bc7 Be7 21. Be5
Nxe5 22. Qxe5 Qd7 23. Re2 Bf8 24. Rbe1 Raa8 25. Qf4 Rab8 26. Rb1 Bg7 1/2-1/2

[Event "Int. Stuttgarter Stadtmeisterschaft B"]
[Site "Ditzingen"]
[Date "2013.05.09"]
[Round "2.34"]
[White "Degenhard, Simon"]
[Black "Winkler, Alex"]
[Result "0-1"]
[WhiteElo "1711"]
[BlackElo "1590"]
[PlyCount "68"]
[EventDate "2013.??.??"]
[WhiteTeam "SF HN-Biberach 1978 e.V."]
[BlackTeam "SF Deizisau"]

1. e4 e5 2. Nf3 Nc6 3. Bb5 Nf6 4. O-O Bc5 5. c3 O-O 6. Re1 d6 7. d3 Bg4 8. Nbd2
Ne7 9. Nf1 Ng6 10. Ng3 Nh4 11. Bg5 Nxf3+ 12. gxf3 Bh3 13. d4 exd4 14. cxd4 Bb6
15. e5 dxe5 16. dxe5 Qd5 17. Qxd5 Nxd5 18. Rad1 c6 19. Bc4 Rae8 20. Bxd5 cxd5
21. Rxd5 Be6 22. Rd3 Bc4 23. Rd7 f6 24. Re4 Be6 25. Rd6 fxg5 26. Rd3 Rc8 27. b3
Bh3 28. Re1 Rc2 29. Ne4 Bf5 30. a3 Bxe4 31. Rxe4 Rxf2 32. Kh1 R2xf3 33. Rxf3
Rxf3 34. e6 Kf8 0-1

[Event "Int. Stuttgarter Stadtmeisterschaft B"]
[Site "Ditzingen"]
[Date "2013.05.09"]
[Round "2.35"]
[White "Haro, Niel"]
[Black "Vogel, Karlheinz"]
[Result "0-1"]
[WhiteElo "1576"]
[BlackElo "1706"]
[PlyCount "88"]
[EventDate "2013.??.??"]
[WhiteTeam "Stuttgarter SF 1879"]
[BlackTeam "TSV Untergruppenb."]

1. d4 e6 2. c4 f5 3. Nf3 Nf6 4. Nc3 c6 5. a3 d5 6. e3 Bd6 7. c5 Bc7 8. Bd3 Ne4
9. Qc2 Nd7 10. Ne2 O-O 11. Bd2 Ndf6 12. h3 Bd7 13. Nf4 b6 14. b4 a5 15. bxa5
bxc5 16. O-O Nxd2 17. Nxd2 cxd4 18. Nb3 dxe3 19. fxe3 Bxa5 20. Nc5 Re8 21. g4
Ne4 22. gxf5 Nxc5 23. fxe6 Nxd3 24. exd7 Qxd7 25. Qxd3 Bb6 26. Rad1 Qa7 27. Ng2
Qxa3 28. Qf5 Qe7 29. Kh1 Rf8 30. Qd3 Rxf1+ 31. Rxf1 Ra3 32. Qb1 Ba7 33. Qf5 Qe8
34. Re1 Ra4 35. Qc2 Re4 36. Qd2 Bb8 37. Rf1 Qe5 38. Rf4 Qa1+ 39. Kh2 g5 40. Qe2
gxf4 41. Qg4+ Qg7 42. Qc8+ Qf8 43. Qg4+ Kh8 44. exf4 Rxf4 0-1

[Event "Int. Stuttgarter Stadtmeisterschaft B"]
[Site "Ditzingen"]
[Date "2013.05.09"]
[Round "2.36"]
[White "Fuchs, Egbert"]
[Black "Matic, Marijo"]
[Result "1-0"]
[WhiteElo "1706"]
[BlackElo "1565"]
[PlyCount "105"]
[EventDate "2013.??.??"]
[WhiteTeam "SVG Vaihingen/Enz"]
[BlackTeam "Stuttgarter SF 1879"]

1. e4 c5 2. Nc3 d6 3. f4 Nc6 4. Bb5 Bd7 5. Nf3 e6 6. O-O g6 7. d3 Nge7 8. Bxc6
Bxc6 9. Qe1 Bg7 10. f5 exf5 11. exf5 O-O 12. fxg6 Nxg6 13. Bg5 Qd7 14. Qg3 f6
15. Bd2 Rae8 16. h4 Ne5 17. h5 Qg4 18. Qxg4 Nxg4 19. Rae1 Bh6 20. Bxh6 Nxh6 21.
Nd2 f5 22. Nc4 Rf6 23. Rxe8+ Bxe8 24. Nd5 Rf8 25. Nxd6 Bxh5 26. Ne7+ Kh8 27.
Nexf5 Nxf5 28. Rxf5 Rxf5 29. Nxf5 Bg4 30. Ne3 Be6 31. a3 b5 32. Kf2 Kg7 33. Kg3
Kf6 34. Kf4 h5 35. g3 a5 36. c3 a4 37. Ke4 Ba2 38. d4 cxd4 39. Kxd4 Kg5 40. Kc5
Bc4 41. Nxc4 bxc4 42. Kxc4 Kg4 43. Kb4 Kxg3 44. c4 h4 45. c5 h3 46. c6 h2 47.
c7 h1=Q 48. c8=Q Qd5 49. Kxa4 Qd4+ 50. Kb3 Qb6+ 51. Ka2 Qb5 52. Qg8+ Kf3 53.
Qb3+ 1-0